Score 0/25 Timer 05:00
0 Plays Today
% Correct
Forrest
99%
Pulp
98.5%
Richie
94.1%
Muriel's
94.1%
Quiz
93.9%
True
93.1%
Wyatt
93.1%
Street
90.7%
Ed
90.4%
Reality
90.4%
Heavenly
89.5%
Shallow
88.7%
Blank
88.2%
% Correct
Little
88%
Renaissance
88%
Only
84.8%
Mixed
84.1%
Milk
83.1%
No
82.8%
With
80.6%
Bad
80.1%
Camp
78.7%
Chungking
66.9%
Lightning
65.9%
New
54.9%
Remove Ads.
Support Sporcle.
Get the best of Sporcle when you Go Orange. This ad-free experience offers more features, more stats, and more fun while also helping to support Sporcle. Thank you for becoming a member.

You're not logged in!

Compare scores with friends on all Sporcle quizzes.
OR
Log In

Sporcle TV

Today on Sporcle TV


Watch our educational content, quiz creation guides, and fun videos on Sporcle TV.

Show Comments

Extras

Top Quizzes Today


Score Distribution

Paid Content

Your Account Isn't Verified!

In order to create a playlist on Sporcle, you need to verify the email address you used during registration. Go to your Sporcle Settings to finish the process.

Report this User

Report this user for behavior that violates our Community Guidelines.

Details: